Ilustrované dejiny ZSSR

Guardado en:
Detalles Bibliográficos
Formato: Libro
Lenguaje:eslovaco
Publicado: Bratislava Mladé letá 1980
Etiquetas: Agregar Etiqueta
Sin Etiquetas, Sea el primero en etiquetar este registro!

MARC

LEADER 00000nam a2200000 4500
001 c119198
005 20041019155213.5
041 0 |a slo 
044 |a SK 
245 1 0 |a Ilustrované dejiny ZSSR 
264 1 |a Bratislava  |b Mladé letá  |c 1980 
300 |a 459 s.